| 000 | 01261cam a22001934a 4500 | ||
|---|---|---|---|
| 005 | 20250605164006.0 | ||
| 008 | 250528s ||||||||||||||||||||||||d | ||
| 035 | _a15814 | ||
| 020 | _a9602180137 | ||
| 040 |
_aGR-AtMCL _bgre _dGR-AtMCL _eAACR2 |
||
| 245 | 1 | _aΜικροοικονομική Ι | |
| 260 |
_bΚριτική - Επιστημονική Βιβλιοθήκη, _c1990 |
||
| 300 | _a632 | ||
| 520 | _aΒασικές Οικονομικές Έννοιες, Εισαγωγή, Προσφορά και Ζήτηση, Η Θεωρία της Ζήτησης, Καμπύλες Αδιαφορίας, Η Σύγχρονη Θεωρία της Ζήτησης, Εφαρμογές και Προεκτάσεις της Θεωρίας του Καταναλωτή, Παραγωγή και Κόστος, Θεωρία Παραγωγής, Κόστος Παραγωγής, Η Επιχείρηση και ο Κλάδος, Η Επιχείρηση: Το Περιβάλλον και οι Στόχοι της, Τέλειος Ανταγωνισμός, Μονοπώλιο, Μονοπωλιακός Ανταγωνισμός και Ολιγοπώλιο, Παραρτήματα. | ||
| 700 | 1 |
_aChacholiades Miltiades _91816 |
|
| 942 | _cBK | ||
| 999 |
_c1365 _d1365 |
||